Normal view
MARC view
Entry Geographic Name
001 - CONTROL NUMBER
- control field: 46836
003 - CONTROL NUMBER IDENTIFIER
- control field: dpl
005 - DATE AND TIME OF LATEST TRANSACTION
- control field: 20120510150028.0
008 - FIXED-LENGTH DATA ELEMENTS
- fixed length control field: 120510|||a|||||| | ||| d
040 ## - CATALOGING SOURCE
- Original cataloging agency: dpl
- Transcribing agency: dpl
151 ## - HEADING--GEOGRAPHIC NAME
- Geographic name: India
- General subdivision: Antiquities.
670 ## - SOURCE DATA FOUND
- Source citation: Work cat.: (dpl): 46773 Dhar, Parul Pandya, The toraṇa in Indian and Southeast Asian architecture /, 2010
670 ## - SOURCE DATA FOUND
- Source citation: Work cat.: (dpl): 46773 Dhar, Parul Pandya, The toraṇa in Indian and Southeast Asian architecture /, 2010
